00376nam a2200157Ia 45000010006000000050017000060080041000230410008000640820020000721000020000922450054001122600009001663000027001756500008002026540008002101743920260306171517.0260306s9999||||xx |||||||||||||| ||und|| aESP a658bB141 V. 38 aRibera, J.eAUT 0aEmpresas de servicios:bun mundo de posibilidades c1997 a81 páginas :c25 cm. aGEN aCAN